000 00656nam a2200205Ia 4500
003 GCL
005 20240530104831.0
008 140319s9999 xx 000 0 ara d
040 _aGCL /
_cGCL
082 0 4 _a810.809287
_bش م
100 1 _aشمس الدين موسى
245 1 0 _aالمراة الانموذج فى الرواية العربية الحديثة /
_cشمس الدين موسى
300 _a91 ص
490 _aسلسلة الدراسات
_v0
650 0 4 _aالادب العربى
650 0 4 _aالمرأة
650 0 4 _aالمرأة فى الادب
650 0 4 _aالقصص العربية - تاريخ ونقد
942 _2ddc
_cBK
999 _c51050
_d51050